000 00862nam a2200265Ia 4500
003 OSt
005 20221005105433.0
006 a|||||r|||| 00| 0
007 ta
008 221004b |||||||| |||| 00| 0 hin d
020 _a8188266108 (hbk)
024 _a26386
037 _bGift, 03/05/2016,
_cTextual
040 _aCRL
_cCRL
_bhin
041 _2hin
_ahin
082 _aO152,3N27,AT, P3
100 _aसिन्हा, मृदुला
245 0 _aअतिशय
246 _aAtishaya
260 _aनई दिल्ली
_bप्रतिभा प्रतिष्ठान भारत
_c2003
300 _a497पृ0
_ccm.
650 _aहिन्दी साहित्य
942 _hO152,3N27,AT, P3
_cTEXL
_2cc
999 _c1015806
_d1015806